00569nam a2200169 a 450000100100000000500170001000800410002704000250006808200160009311000360010924500240014526000560016930000340022504900090025995201140026899900170038200003129320200930062829.0110617s2005 dr ac 000 0 spa d aDO-SdBNPbspacBNPHU axxxxbF981i2 aFundación Falconbridge95775310aInforme anual 2005. aSanto Domingo :bFundación Falconbridge,c[2005]. a61 p :bil., retrs. ;c29 cm. aBNPD 0010718PDaPDbPDcCTd2011-06-17iLF1l0oxxxx F981ip31293-10r2020-06-25w2020-06-25yLFPDZNo se presta c30785d30785